<The> economic consequences of climate change

Salvato in:
Dettagli Bibliografici
Natura: Libro
Lingua:inglese
Pubblicazione: Paris OECD 2015
Soggetti:
Tags: Aggiungi Tag
Nessun Tag, puoi essere il primo ad aggiungerne!!

MARC

LEADER 00000nam a2200000 4500
001 0213982
005 20240314122835.4
020 |a 978-92-64-23540-3 
041 0 |a eng 
044 |a FR 
245 1 0 |a <The> economic consequences of climate change 
264 1 |a Paris  |b OECD  |c 2015 
300 |a 137 s. 
610 2 0 |a zmeny klimatické 
610 2 0 |a ochrana prostredia životného 
610 2 0 |a emisie 
610 2 0 |a efekt skleníkový 
610 2 0 |a problémy globálne 
610 2 0 |a problémy spoločenské 
610 2 0 |a dôsledky sociálne 
610 2 0 |a pohromy živelné 
610 2 0 |a modelovanie 
610 2 0 |a regióny 
610 2 0 |a sektory hospodárske 
610 2 0 |a porovnanie štatistické medzinárodné 
610 2 0 |a spolupráca medzinárodná